Excavaciones en Navarra : 1953-1956 / Juan Maluquer de Motes, Luís Vázquez de Parga 1953-1956 / Juan Maluquer de Motes, Luís Vázquez de Parga
Descripción Física:
188 p. XVIII p. de làm. : il ; 28 cm
Colección:
Excavaciones en Navarra ; 5
Otros Autores:
Vázquez de Parga, Luís
MARC
| LEADER | 00000nam a2200000Ia 4500 | ||
|---|---|---|---|
| 001 | 17346 | ||
| 008 | 160829s1957 xx 000 0 cat d | ||
| 080 | |a H-2-328 | ||
| 100 | 1 | |a Maluquer de Motes, Joan, |d 1915-1988 |9 30020 | |
| 245 | |a Excavaciones en Navarra : |b 1953-1956 / Juan Maluquer de Motes, Luís Vázquez de Parga | ||
| 260 | |a Pamplona : |b Diputación Foral de Navarra, |c 1957 | ||
| 300 | |a 188 p. XVIII p. de làm. : |b il ; |c 28 cm | ||
| 490 | |a Excavaciones en Navarra ; 5 | ||
| 590 | |a Referències bibliogràfiques. | ||
| 590 | |a Prové de R-168. | ||
| 650 | |a Excavacions arqueològiques |x Navarra |9 46630 | ||
| 650 | |a Navarra |x Arqueologia |9 46629 | ||
| 700 | |a Vázquez de Parga, Luís |9 46631 | ||
| 710 | 1 | |a Navarra. |b Diputación Foral |9 55588 | |
| 901 | |a Arxiu | ||
| 942 | |n 1 | ||
| 952 | |0 0 |1 0 |4 0 |6 H2328 |7 1 |9 53337 |a Arxiu |b Arxiu |d 2016-12-01 |l 0 |o H-2-328 |p 17346 |r 2016-12-01 00:00:00 |w 2016-12-01 |y ARXIU | ||
| 999 | |c 57202 |d 57202 | ||